Hop a tajemství jezera /

Celostránkové ilustrace doplněné jednoduchým textem s příběhem králíčka Hopa, který objevuje tajemné jezero. Jeho hlubiny ukrývají poklady, ale také situace, v nichž je třeba projevit velkou odvahu.

Uloženo v:
Hlavní autor: Dubuc, Marianne, 1980- (Autor, Ilustrátor)
Další autoři: Kavalír, Ondřej, 1980- (Autor)
Médium: Kniha
Jazyk:Czech
Vydáno: Praha : Labyrint : Raketa, 2026
Vydání:1. české vydání
Edice:Raketa
Témata:
Celkem bylo vypůjčeno:0x
Tagy:
Žádné tagy
LEADER 02274nam a2200469 i 4500
001 106140
003 CZ PrNK
005 20260415115406.0
007 ta
008 260325s2026 xr a a 000 j cze
015 |a cnb003746620 
020 |a 9788086349589  |q (vázáno) 
040 |a ABG001  |b cze  |e rda 
041 1 |a cze  |h fre 
072 7 |a 821.133.1-3  |x Francouzská próza, francouzsky psaná  |2 Konspekt  |9 25 
072 7 |a 821-93  |x Literatura pro děti a mládež (beletrie)  |2 Konspekt  |9 26 
080 |a 821.133.1(71)-32  |2 MRF 
080 |a 821-93  |2 MRF 
080 |a (0:82-32)  |2 MRF 
100 1 |a Dubuc, Marianne,  |d 1980-  |7 xx0200057  |4 aut  |9 51977  |4 ill 
240 1 0 |a Flop et le lac.  |l Česky 
245 1 0 |a Hop a tajemství jezera /  |c Marianne Dubuc ; z francouzského originálu Flop et le lac ... přeložil Ondřej Kavalír 
250 |a 1. české vydání 
264 1 |a Praha :  |b Labyrint :  |b Raketa,  |c 2026 
300 |a 74 nečíslovaných stran :  |b barevné ilustrace ;  |c 26 cm 
336 |a text  |b txt  |2 rdacontent 
336 |a statický obraz  |b sti  |2 rdacontent 
337 |a bez média  |b n  |2 rdamedia 
338 |a svazek  |b nc  |2 rdacarrier 
490 1 |a Raketa 
520 2 |a Celostránkové ilustrace doplněné jednoduchým textem s příběhem králíčka Hopa, který objevuje tajemné jezero. Jeho hlubiny ukrývají poklady, ale také situace, v nichž je třeba projevit velkou odvahu.  |b Kniha povzbuzuje děti, aby se otevřely novým situacím, protože právě tam často čeká něco cenného. Hopovo putování není jen dobrodružstvím, ale také cestou osobního zrání. Každá překážka a každý moment nejistoty je lekcí, která z něj dělá silnější bytost. 
655 7 |a kanadské příběhy (francouzsky)  |7 fd183767  |2 czenas  |9 54186 
655 7 |a publikace pro děti  |7 fd133156  |2 czenas  |9 23 
655 9 |a Canadian stories (French)  |2 eczenas 
655 9 |a children's literature  |2 eczenas 
700 1 |a Kavalír, Ondřej,  |d 1980-  |7 xx0085764  |4 trl  |9 29731 
710 2 |a Labyrint (nakladatelství)  |7 kn20040314014  |4 pbl  |9 117263 
830 0 |a Raketa 
910 |a UOG502 
942 |2 ddc  |c KN 
999 |d 106140 
993 |0 0  |1 421180106865  |2 ddc  |4 0  |6 M  |7 0  |9 99452  |b 0  |c 106865  |d 2026-04-15  |e 0  |f M  |g M  |h 345.00  |i Koupě  |l M  |r 2026-04-15  |t 8  |w 2026-04-15  |y KN  |z BELET  |n